On the relaxed formulation of some shape optimization problems /
Bewaard in:
| Andere auteurs: | , , , |
|---|---|
| Formaat: | Artikel |
| Taal: | English |
| Onderwerpen: | |
| Tags: |
Voeg label toe
Geen labels, Wees de eerste die dit record labelt!
|
| Thư viện lưu trữ: | Thư viện Trường Đại học Đà Lạt |
|---|
| LEADER | 00905nam a2200301 4500 | ||
|---|---|---|---|
| 001 | DLU090093146 | ||
| 005 | ##20091201 | ||
| 040 | # | # | |a DLU |b eng |
| 041 | # | # | |a eng |
| 044 | # | # | |a jp |
| 245 | # | # | |a On the relaxed formulation of some shape optimization problems / |c G. Buttazzo, G. Dal Maso, A. Garroni, A. Malusa. |
| 653 | # | # | |a Caratheodory function |
| 653 | # | # | |a Optimization |
| 653 | # | # | |a Relaxed formulation |
| 700 | # | # | |a Buttazzo, G. |
| 700 | # | # | |a Dal Maso, G. |
| 700 | # | # | |a Garroni, A. |
| 700 | # | # | |a Malusa, A. |
| 773 | # | # | |t Advances in Mathematical Sciences and Applications |g Vol. 7, no. 1 (1996), p. 1-24 |
| 920 | # | # | |a Phòng Tạp chí -- Trung tâm Thông tin - Thư viện Trường Đại học Đà Lạt |
| 994 | # | # | |a DLU |
| 900 | # | # | |a True |
| 911 | # | # | |a Trương Bảo Trâm Anh |
| 925 | # | # | |a G |
| 926 | # | # | |a A |
| 927 | # | # | |a BB |
| 980 | # | # | |a Thư viện Trường Đại học Đà Lạt |